| 000 | 00608nam a2200277Ia 4500 | ||
|---|---|---|---|
| 005 | 20260401122158.0 | ||
| 008 | 008 250103s9999 xx 000 0 eng d | ||
| 020 | _a8126002948 | ||
| 037 | _aTB | ||
| 040 | _aEDL | ||
| 040 | _beng | ||
| 040 | _cEDL | ||
| 041 | _2eng | ||
| 041 | _aeng | ||
| 084 | _aIn828.3 NAR | ||
| 084 | _qEDL | ||
| 245 | 0 | _aNon Fictional Indian Prose in English 1960-1990 | |
| 260 | _aNew Delhi | ||
| 260 | _bSahitya Akademi | ||
| 260 | _c1998 | ||
| 300 | _a224p | ||
| 942 | _cTB | ||
| 942 | _hIn828.3 NAR | ||
| 999 |
_c1845437 _d1845437 |
||